| 000 | 01101nam a22002297a 4500 | ||
|---|---|---|---|
| 005 | 20250310153004.0 | ||
| 008 | 250310b |||||||| |||| 00| 0 eng d | ||
| 020 | _a978-81-7110-267-9 (hbk) | ||
| 037 | _cTB | ||
| 040 |
_aCRL _cCRL |
||
| 041 |
_2hin _ahin |
||
| 084 |
_aQ1:21:g 152P5;R3 _qCRL |
||
| 100 | _aवर्णी , रामप्रकाश | ||
| 245 | _aआचार्य सायण और स्वामी दयानंद सरस्वती की वेदभाष्य - भूमिकाएं | ||
| 260 |
_aदिल्ली, भारत: _bपरिमल पब्लिकेशन्स, _c2023 |
||
| 300 | _a220 पृ0 | ||
| 365 |
_b400.00 _cINR |
||
| 546 | _aTranslated from Sanskrit to Hindi | ||
| 650 | _aधर्म शास्त्र | ||
| 942 |
_2CC _cTB _hQ1:21:g 152P5;R3 _n0 |
||
| 999 |
_c1238447 _d1238447 |
||